000 00491nam a2200181Ia 4500
001 23859
005 20260414151005.0
008 260414t2008||||xx |||||||||||||| ||spa||
041 _aESP
082 _a720
_bZ76
100 _aZevi, Bruno,
_eAUT
245 0 _aEl lenguaje moderno de la arquitectura :
_buía al código anticlásico; arquitectura e historiografía
260 _c2008
300 _a277 páginas :
_c21 cm.
650 _aABD
654 _aCAU
942 _cLIB
_dJUS
_fJUS
_2ddc
_n
999 _c23859
_d23859